| 000 | 00547nam a2200169Ia 4500 | ||
|---|---|---|---|
| 005 | 20250423100316.0 | ||
| 008 | 250422s9999 xx 000 0 und d | ||
| 020 | _a9781466567207 | ||
| 050 | _aRC 361 .N495/ | ||
| 245 | 0 | _aNeuroviral infections : RNA viruses and retroviruses | |
| 260 | _aBoca Raton | ||
| 260 | _bCRC Press | ||
| 260 | _c1997 | ||
| 300 | _a499 p | ||
| 650 | _aCentral Nervous System Viral Diseases. RNA Virus Infections. RNA Viruses--pathogenicity. Retroviridae--pathogenicity. Retroviridae Infections. . | ||
| 942 | _cBK | ||
| 999 |
_c32912 _d32912 |
||